| 000 | 01493cam a22003977a 4500 | ||
|---|---|---|---|
| 999 |
_c531970 _d531970 |
||
| 001 | 15733043 | ||
| 003 | NUST | ||
| 005 | 20191105113518.0 | ||
| 008 | 090511s2009 enkab b 001 0 eng d | ||
| 010 | _a 2009928383 | ||
| 015 |
_aGBA969425 _2bnb |
||
| 016 | 7 |
_a015326729 _2Uk |
|
| 020 | _a9780754645511 (hbk.) | ||
| 020 | _a0754645517 (hbk.) | ||
| 035 | _a(OCoLC)ocn426119855 | ||
| 038 | _aMSOHAIL | ||
| 040 |
_aUKM _beng _cUKM _dYDXCP _dBTCTA _dCDX _dYNK _dNKM _dIXA _dPIT _dDLC |
||
| 042 | _alccopycat | ||
| 050 | 0 | 0 |
_aNA105 _b.E54 2013 |
| 082 | 0 | 4 |
_a720.288 _222 |
| 100 |
_aBill Martin _925183 |
||
| 245 | 0 | 0 |
_aEnglish Heritage practical building conservation. _pConservation basics / |
| 246 | 3 | _aPractical building conservation | |
| 246 | 1 | 8 |
_aConservation basics : _bpractical building conservation |
| 260 |
_aLondon : _bAshgate : _bEnglish Heritage, _cc2013. |
||
| 300 |
_aviii, 487 p. : _bill. (some col.), col. maps ; _c25 cm. |
||
| 504 | _aIncludes bibliographical references (p. 360-370) and index. | ||
| 650 | 0 |
_aHistoric buildings _xConservation and restoration _vHandbooks, manuals, etc. _925184 |
|
| 650 | 0 |
_aHistoric buildings _xLaw and legislation _zEngland. _925185 |
|
| 700 | 1 |
_aMcCaig, Iain. _925186 |
|
| 700 | 1 |
_aAbrey, Graham. _925187 |
|
| 710 | 2 |
_aEnglish Heritage. _925188 |
|
| 906 |
_a7 _bcbc _ccopycat _d2 _eepcn _f20 _gy-gencatlg |
||
| 942 |
_2ddc _cBK |
||